000
nam a22 7a 4500
999
_c
94991
_d
94990
005
20180531145757.0
008
180531b ||||| |||| 00| 0 eng d
080
_a
89T-1 ET-A1
_b
SOM
245
_a
Ainkurunooru
260
_a
Madras
_b
The south India siva siddhita
_c
1961
300
_a
707p.
653
_a
Tamil literature
942
_c
BK